SNR LubSolid : innovative lifetime lubrication

Saved in:
Bibliographic Details
Corporate Authors: SNR Industry (Annecy) (Author), DIAGO (Brezno, Slovensko) (Compiler)
Format: Book
Language:English
Published: [S.l.] : [s.n.], [2010]
Edition:[1st ed.]
Subjects:
Online Access: Get full text
Tags: Add Tag
No Tags, Be the first to tag this record!

MARC

LEADER 00000nam a2200000 4500
003 SK-BrCVT
005 20220617224647.0
008 100805s2010 fr e ||||||eng d
035 |a CVTIDW0002126 
040 |b slo  |a CVTI SR  |e AACR2 
041 0 |a eng 
044 |a fr 
080 |a 621.896  |2 UDC-MRF 
110 2 |a SNR Industry (Annecy)  |4 aut 
245 1 0 |a SNR LubSolid :  |b innovative lifetime lubrication 
250 |a [1st ed.] 
260 |a [S.l.] :  |b [s.n.],  |c [2010] 
300 |a [4 s.] :  |b obr., tab. ; 
653 1 |a mazivo 
653 1 |a olej 
710 2 |a DIAGO (Brezno, Slovensko)  |4 com 
856 4 |u http://www.snr.fr 
910 |b F030398 
959 |a 5503 
974 |a agnesa.remenarova  |f Firemná literatúra 
992 |a FFP 
999 |c 157942  |d 157942